[Event "El Prat de Llobregat op 4th"]
[Site "El Prat de Llobregat"]
[Date "2023.02.10"]
[Round "2"]
[White "Gomez Figueroa, Manuel"]
[Black "Madrid Sole, Pedro"]
[Result "1-0"]
[WhiteElo "1973"]
[BlackElo "1618"]
[PlyCount "61"]
[EventDate "2023.02.03"]
[EventType "swiss"]
[EventRounds "9"]
[EventCountry "ESP"]
[SourceTitle "EXT 2024"]
[Source "ChessBase"]
[SourceDate "2023.10.10"]
[SourceVersion "1"]
[SourceVersionDate "2023.10.10"]
[SourceQuality "1"]

1. d4 Nf6 2. c4 e5 3. e3 exd4 4. exd4 Bb4+ 5. Nc3 0-0 6. a3 Re8+ 7. Be2 Bxc3+ 8. bxc3 Ne4 9. Qc2 Qf6 10. Nf3 d6 11. 0-0 Bf5 12. Bd3 Nd7 13. Re1 d5 14. cxd5 Nd6 15. Bg5 Qg6 16. Bxf5 Nxf5 17. Bf4 Ne7 18. Qxg6 hxg6 19. c4 Rac8 20. Rab1 b6 21. Ne5 Nxe5 22. dxe5 f6 23. d6 cxd6 24. exd6 Nc6 25. Red1 Rcd8 26. f3 g5 27. Bg3 Re3 28. a4 Rd7 29. Rbc1 Ra3 30. c5 bxc5 31. Rxc5 1-0

[Event "El Prat de Llobregat op 4th"]
[Site "El Prat de Llobregat"]
[Date "2023.02.03"]
[Round "1"]
[White "Sanz Prat, Javier"]
[Black "Gomez Figueroa, Manuel"]
[Result "0-1"]
[WhiteElo "1494"]
[BlackElo "1973"]
[PlyCount "52"]
[EventDate "2023.02.03"]
[EventType "swiss"]
[EventRounds "9"]
[EventCountry "ESP"]
[SourceTitle "EXT 2024"]
[Source "ChessBase"]
[SourceDate "2023.10.10"]
[SourceVersion "1"]
[SourceVersionDate "2023.10.10"]
[SourceQuality "1"]

1. d4 d5 2. Nf3 Nf6 3. e3 g6 4. Bd3 Bg7 5. Nbd2 0-0 6. 0-0 Nbd7 7. e4 dxe4 8. Nxe4 Nxe4 9. Bxe4 Nf6 10. Bd3 b6 11. Ne5 Qxd4 12. Qe2 Bb7 13. c3 Qd8 14. Bb5 Qd5 15. f3 a6 16. Bc4 Qc5+ 17. Kh1 e6 18. a4 a5 19. b3 Qe7 20. Bb5 Nd5 21. Bd2 Qd6 22. f4 Rad8 23. c4 Nb4 24. Bc3 c6 25. Rad1 Qc7 26. Bxc6 Nxc6 0-1

[Event "El Prat de Llobregat op 3rd"]
[Site "El Prat de Llobregat"]
[Date "2022.11.11"]
[Round "7"]
[White "Gomez Figueroa, Manuel"]
[Black "Escoriza Pons, Xavier"]
[Result "1-0"]
[WhiteElo "1969"]
[BlackElo "1748"]
[PlyCount "79"]
[EventDate "2022.09.30"]
[EventType "swiss"]
[EventRounds "9"]
[EventCountry "ESP"]
[SourceTitle "EXT 2024"]
[Source "ChessBase"]
[SourceDate "2023.10.10"]
[SourceVersion "1"]
[SourceVersionDate "2023.10.10"]
[SourceQuality "1"]

1. d4 d5 2. Bf4 Nf6 3. Nf3 e6 4. e3 Bd6 5. Bg3 0-0 6. Nbd2 c5 7. c3 Nc6 8. Bd3 b6 9. e4 dxe4 10. Nxe4 Be7 11. dxc5 bxc5 12. Qc2 h6 13. Rd1 Qb6 14. 0-0 Nh5 15. Bd6 Bxd6 16. Nxd6 Ba6 17. Bxa6 Qxa6 18. b3 Rad8 19. Ne4 Qb6 20. Rxd8 Rxd8 21. Rd1 Rxd1+ 22. Qxd1 f5 23. Ned2 Qa5 24. Qe1 Nd8 25. Qe5 Qxa2 26. Qc7 Qa1+ 27. Nf1 Nf7 28. Qc8+ Kh7 29. Qxe6 Nd8 30. Qxf5+ g6 31. Qd7+ Ng7 32. Qxd8 Qxc3 33. Qd5 Nh5 34. g3 a5 35. Ne3 Ng7 36. Qf7 Qd3 37. Nd5 Qd1+ 38. Kg2 Qa1 39. Nf6+ Qxf6 40. Qxf6 1-0

[Event "El Prat de Llobregat op 3rd"]
[Site "El Prat de Llobregat"]
[Date "2022.11.04"]
[Round "6"]
[White "Gomez Figueroa, Manuel"]
[Black "Nadal Fajardo, Ricard"]
[Result "1-0"]
[WhiteElo "1969"]
[BlackElo "1999"]
[PlyCount "39"]
[EventDate "2022.09.30"]
[EventType "swiss"]
[EventRounds "9"]
[EventCountry "ESP"]
[SourceTitle "EXT 2024"]
[Source "ChessBase"]
[SourceDate "2023.10.10"]
[SourceVersion "1"]
[SourceVersionDate "2023.10.10"]
[SourceQuality "1"]

1. d4 d5 2. Bf4 Nf6 3. Nf3 c5 4. e3 Qb6 5. Nc3 Qxb2 6. Nb5 Na6 7. a3 Bg4 8. Rb1 Qa2 9. Qc1 Bxf3 10. gxf3 cxd4 11. Ra1 Qxa1 12. Qxa1 dxe3 13. fxe3 e6 14. Nd6+ Bxd6 15. Bxd6 Kd7 16. Be5 Ke7 17. Rg1 Rhg8 18. Rxg7 Rxg7 19. Bxf6+ Kf8 20. Bxg7+ 1-0

[Event "El Prat de Llobregat op 3rd"]
[Site "El Prat de Llobregat"]
[Date "2022.10.21"]
[Round "4"]
[White "Gomez Figueroa, Manuel"]
[Black "Montero Olmos, Javier"]
[Result "1-0"]
[WhiteElo "1967"]
[BlackElo "1904"]
[PlyCount "89"]
[EventDate "2022.09.30"]
[EventType "swiss"]
[EventRounds "9"]
[EventCountry "ESP"]
[SourceTitle "EXT 2024"]
[Source "ChessBase"]
[SourceDate "2023.10.10"]
[SourceVersion "1"]
[SourceVersionDate "2023.10.10"]
[SourceQuality "1"]

1. e4 c6 2. d4 d5 3. exd5 cxd5 4. Bd3 Nc6 5. c3 Qc7 6. Ne2 Bg4 7. 0-0 Nf6 8. Qe1 e6 9. f3 Bh5 10. Qh4 Rg8 11. Bg5 Bg6 12. Bxg6 hxg6 13. Nd2 Bd6 14. c4 0-0-0 15. c5 Be7 16. f4 Rh8 17. Qe1 Ng4 18. Bxe7 Qxe7 19. Nf3 Ne3 20. b4 Nxf1 21. Kxf1 a6 22. a4 f6 23. b5 Nb8 24. Rc1 Qc7 25. g3 Kd7 26. Kg2 Ke7 27. f5 gxf5 28. Nf4 Qd7 29. Ng6+ Ke8 30. Nxh8 g5 31. Qe2 Kf8 32. Re1 Re8 33. Ng6+ Kg7 34. Nge5 fxe5 35. Nxe5 Qe7 36. Qh5 Rg8 37. Qg6+ Kf8 38. Qh6+ Ke8 39. Qh5+ Kd8 40. c6 bxc6 41. bxc6 Kc7 42. Rb1 Nxc6 43. Rc1 Rg7 44. Rxc6+ Kb7 45. Qe2 1-0

[Event "El Prat de Llobregat op 3rd"]
[Site "El Prat de Llobregat"]
[Date "2022.10.14"]
[Round "3"]
[White "Subirana Santos, Marc"]
[Black "Gomez Figueroa, Manuel"]
[Result "0-1"]
[WhiteElo "1526"]
[BlackElo "1967"]
[PlyCount "70"]
[EventDate "2022.09.30"]
[EventType "swiss"]
[EventRounds "9"]
[EventCountry "ESP"]
[SourceTitle "EXT 2024"]
[Source "ChessBase"]
[SourceDate "2023.10.10"]
[SourceVersion "1"]
[SourceVersionDate "2023.10.10"]
[SourceQuality "1"]

1. Nf3 d5 2. e3 Nf6 3. b3 Bf5 4. Bb2 e6 5. c4 c6 6. Nc3 Nbd7 7. Rc1 Bd6 8. Be2 h6 9. 0-0 0-0 10. a3 a6 11. d3 e5 12. e4 Be6 13. exd5 cxd5 14. cxd5 Nxd5 15. Ne4 Bc7 16. Nc5 Nxc5 17. Rxc5 Bb6 18. Rc1 f6 19. Nd2 Nf4 20. Nc4 Nxe2+ 21. Qxe2 Ba7 22. Kh1 b5 23. Nd2 Qd7 24. b4 Rad8 25. Ne4 Qxd3 26. Qxd3 Rxd3 27. Rc7 Rf7 28. Rxf7 Kxf7 29. Nc5 Bxc5 30. bxc5 Rb3 31. Bc1 Rc3 32. Be3 Rxa3 33. Rc1 b4 34. Kg1 b3 35. Kf1 b2 0-1

[Event "Hospitalet de Llobregat Ponce 11th"]
[Site "Hospitalet de Llobregat"]
[Date "2022.05.28"]
[Round "6"]
[White "Munoz Lozano, Jorge Manuel"]
[Black "Gomez Figueroa, Manuel"]
[Result "0-1"]
[WhiteElo "1777"]
[BlackElo "1913"]
[PlyCount "166"]
[EventDate "2022.04.23"]
[EventType "swiss"]
[EventRounds "9"]
[EventCountry "ESP"]
[SourceTitle "EXT 2023"]
[Source "ChessBase"]
[SourceDate "2022.10.05"]
[SourceVersion "1"]
[SourceVersionDate "2022.10.05"]
[SourceQuality "1"]

1. Nf3 d5 2. d3 Nf6 3. Nbd2 Bf5 4. g3 e6 5. Bg2 h6 6. 0-0 Be7 7. c4 c5 8. cxd5 exd5 9. Qb3 Qb6 10. Qa4+ Nc6 11. Ne5 0-0 12. Nxc6 bxc6 13. b3 Rad8 14. Ba3 Rfe8 15. Rac1 c4 16. e4 Bxa3 17. Qxa3 dxe4 18. Nxc4 Qd4 19. Ne3 Bg6 20. dxe4 Bxe4 21. Rfd1 Qb6 22. Rxd8 Rxd8 23. Bxe4 Nxe4 24. Qa4 Rd4 25. Qxc6 Qxc6 26. Rxc6 a5 27. Rc8+ Kh7 28. Rc4 Rxc4 29. Nxc4 a4 30. b4 Nc3 31. a3 Kg6 32. Kg2 Kf5 33. Kf3 Ke6 34. Ke3 Nb5 35. Kd3 g5 36. f4 gxf4 37. gxf4 Kf5 38. Ke3 f6 39. Kf3 h5 40. h3 Nd4+ 41. Ke3 Nb5 42. Nb6 Nxa3 43. Nxa4 Nc2+ 44. Kf3 Nxb4 45. Nc3 Nd3 46. Nd5 Ne1+ 47. Kg3 Nd3 48. Ne7+ Ke4 49. f5 Nf4 50. Ng6 Ne2+ 51. Kf2 Nd4 52. Ne7 Nxf5 53. Ng6 Nd4 54. Kg3 Kf5 55. Nh4+ Kg5 56. Ng2 Nf5+ 57. Kf2 Nd6 58. Kf3 Nf5 59. Kf2 h4 60. Kf3 Nd4+ 61. Ke4 Ne6 62. Kf3 f5 63. Kf2 Nf4 64. Ne3 Nxh3+ 65. Kf3 Nf4 66. Kf2 Nd3+ 67. Kg2 f4 68. Nf1 Ne1+ 69. Kf2 Nd3+ 70. Kg2 Ne5 71. Nh2 Ng4 72. Nf3+ Kh5 73. Kh3 Nf2+ 74. Kg2 Ne4 75. Nh2 Nd2 76. Kf2 h3 77. Ke2 Kh4 78. Kxd2 Kg3 79. Nf1+ Kf2 80. Nh2 Kg2 81. Ng4 h2 82. Nxh2 Kxh2 83. Ke1 Kg2 0-1

[Event "Hospitalet de Llobregat Ponce 11th"]
[Site "Hospitalet de Llobregat"]
[Date "2022.05.14"]
[Round "4"]
[White "Cervello Tost, Roger"]
[Black "Gomez Figueroa, Manuel"]
[Result "1-0"]
[WhiteElo "2031"]
[BlackElo "1913"]
[PlyCount "39"]
[EventDate "2022.04.23"]
[EventType "swiss"]
[EventRounds "9"]
[EventCountry "ESP"]
[SourceTitle "EXT 2023"]
[Source "ChessBase"]
[SourceDate "2022.10.05"]
[SourceVersion "1"]
[SourceVersionDate "2022.10.05"]
[SourceQuality "1"]

1. e4 e5 2. Nf3 Nf6 3. Nxe5 d6 4. Nf3 Nxe4 5. d4 d5 6. Bd3 Bd6 7. 0-0 0-0 8. c4 c6 9. Re1 Bb4 10. Nc3 Nxc3 11. bxc3 Bxc3 12. Bxh7+ Kh8 13. Ng5 g6 14. Nxf7+ Rxf7 15. Bxg6 Qh4 16. Re8+ Kg7 17. Bxf7 Kxf7 18. Rxc8 Bxa1 19. Qf3+ Kg7 20. Rc7+ 1-0

[Event "Alella op 5th"]
[Site "Alella"]
[Date "2008.08.17"]
[Round "2"]
[White "Maza Navarro, Llorens"]
[Black "Gomez Figueroa, Manuel"]
[Result "0-1"]
[WhiteElo "1441"]
[BlackElo "1968"]
[PlyCount "54"]
[EventDate "2008.08.16"]
[EventType "swiss"]
[EventRounds "9"]
[EventCountry "ESP"]
[SourceTitle "EXT 2009"]
[Source "ChessBase"]
[SourceDate "2008.11.26"]
[SourceVersion "1"]
[SourceVersionDate "2008.11.26"]
[SourceQuality "1"]

1. b3 e5 2. Bb2 Nc6 3. e3 d5 4. Bb5 Bd6 5. f4 exf4 6. Bxg7 Qh4+ 7. Kf1 fxe3 8. dxe3 d4 9. Nf3 Qh5 10. Bxc6+ bxc6 11. Qxd4 Bg4 12. Nbd2 0-0-0 13. Qc3 Ne7 14. Bxh8 Nd5 15. Qb2 Nxe3+ 16. Kf2 Bc5 17. Bd4 Rxd4 18. Nxd4 Qe5 19. c3 Nf5 20. Rae1 Qf4+ 21. N2f3 Bxf3 22. gxf3 Nxd4 23. Kf1 Qxf3+ 24. Qf2 Qxh1+ 25. Qg1 Qxg1+ 26. Kxg1 Nf3+ 27. Kf1 Nxe1 0-1